Journal of polymer materials

Detalles Bibliográficos
Formato: Electrónico Revista
Lenguaje:inglés
Publicado: New Delhi, India : MD Publications Pvt
Materias:
Acceso en línea:Full text available from Research Library: 10/01/2010 to present

MARC

LEADER 00000nas a2200000 i 4500
001 ssj0001073594
003 WaSeSS
005 20200512172242.0
006 m d
007 cr n
008 131220c20uu9999ii q| p|s|||||| |0eng d
022 |a 0976-3449  |l 0973-8622 
035 |a (WaSeSS)ssj0001073594 
040 |a WaSeSS  |b eng  |c WaSeSS  |d WaSeSS 
050 1 4 |a QD380 
210 0 |a J. polym. mater.  |b (Online) 
222 0 |a Journal of polymer materials  |b (Online) 
245 0 0 |a Journal of polymer materials  |h [electronic resource]. 
260 |a New Delhi, India :  |b MD Publications Pvt 
310 |a Quarterly 
506 |a License restrictions may limit access. 
588 |a Description based on: Volume 27, Number 4 (December 2010); title from article pdf (ProQuest, viewed Dec. 20, 2013). 
588 |a Latest issue consulted: Volume 30, Number 1 (March 2013) (viewed Dec. 20, 2013). 
650 0 |a Polymers  |v Periodicals. 
655 0 |a Electronic journals. 
776 0 8 |i Print version:  |t Journal of polymer materials  |x 0973-8622 
856 4 0 |z Full text available from Research Library: 10/01/2010 to present  |u https://search.proquest.com/publication/506337